000 00589cam a2200145 4500500
005 20260208005833.0
041 _afre
042 _adc
100 1 0 _aVibert, Bertrand
_eauthor
245 0 0 _aPIERRE JOURDE (éd.), L’Incongru dans la littérature et l’art. Paris, Kimé, « Détours littéraires », 2004.
260 _c2005.
500 _a97
786 0 _nRevue d'histoire littéraire de la France | 105 | 4 | 2005-10-01 | p. 1031u-1076u | 0035-2411
856 4 1 _uhttps://shs.cairn.info/revue-d-histoire-litteraire-de-la-france-2005-4-page-1031u?lang=fr&redirect-ssocas=7080
999 _c1654056
_d1654056